000 00776nas a2200253 4500
001 BR2015002048
003 BR-BrBNA
005 20231205125207.0
007 ta
008 230509b bl.|||p| |||| 00| 00por d
040 _aBR-BrBNA
_bpor
_cBiblioteca Nacional de Agricultura
041 _a(Pt)
072 _aU10; K10
100 1 _aMendonça, A.R. de
100 1 _aCarvalho, S. de P.C. e
100 1 _aCalegário, N.
245 1 _aModelos hipsométricos generalizados mistos na predição da altura de Eucalyptus sp
650 _aEUCALIPTO
650 _aANATOMIA VEGETAL
650 _aMODELO MATEMÁTICO
773 0 _tCerne (Brazil)
_xISSN 0104-7760
_g(2015), v. 21(1) p. 107-115
_wBR2015002048
909 _a202311
_bLúcia
_c55
_dLúcia Elande
942 _2AGRIS
_n0
_cANA
999 _c243143
_d243143